Aircraft dynamics and automatic control (Record no. 594134)
[ view plain ]
| 000 -LEADER | |
|---|---|
| fixed length control field | 01045cam a2200289 4500 |
| 001 - CONTROL NUMBER | |
| control field | 3616713 |
| 005 - DATE AND TIME OF LATEST TRANSACTION | |
| control field | 20230322162540.0 |
| 008 - FIXED-LENGTH DATA ELEMENTS--GENERAL INFORMATION | |
| fixed length control field | 740501s1974 njua b 001 0 eng |
| 010 ## - LIBRARY OF CONGRESS CONTROL NUMBER | |
| LC control number | 73134250 |
| 020 ## - INTERNATIONAL STANDARD BOOK NUMBER | |
| International Standard Book Number | 0691080836 |
| 040 ## - CATALOGING SOURCE | |
| Original cataloging agency | DLC |
| Transcribing agency | DLC |
| Modifying agency | DLC |
| 050 00 - LIBRARY OF CONGRESS CALL NUMBER | |
| Classification number | TL676 |
| Item number | .M32 |
| 082 00 - DEWEY DECIMAL CLASSIFICATION NUMBER | |
| Classification number | 629.1343 |
| Author Mark | MCR |
| 100 1# - MAIN ENTRY--PERSONAL NAME | |
| Personal name | McRuer, Duane T. |
| 9 (RLIN) | 111161 |
| 245 10 - TITLE STATEMENT | |
| Title | Aircraft dynamics and automatic control |
| Statement of responsibility, etc. | [by] Duane McRuer, Irving Ashkenas [and] Dunstan Graham. |
| 260 ## - PUBLICATION, DISTRIBUTION, ETC. | |
| Place of publication, distribution, etc. | Princeton, N.J., |
| Name of publisher, distributor, etc. | Princeton University Press, |
| Date of publication, distribution, etc. | 1973 [i.e. 1974] |
| 300 ## - PHYSICAL DESCRIPTION | |
| Extent | xxv, 784 p. |
| Other physical details | illus. |
| Dimensions | 25 cm. |
| 350 ## - PRICE (NR) (BK AM CF MU VM SE) [OBSOLETE] | |
| Price | $27.50 |
| 504 ## - BIBLIOGRAPHY, ETC. NOTE | |
| Bibliography, etc. note | Bibliography: p. 769-773. |
| 650 #0 - SUBJECT ADDED ENTRY--TOPICAL TERM | |
| Topical term or geographic name entry element | Airplanes |
| General subdivision | Control systems. |
| 9 (RLIN) | 55648 |
| 650 #0 - SUBJECT ADDED ENTRY--TOPICAL TERM | |
| Topical term or geographic name entry element | Feedback control systems. |
| 700 1# - ADDED ENTRY--PERSONAL NAME | |
| Personal name | Ashkenas, Irving, |
| Dates associated with a name | 1916-2011, |
| Relator term | joint author. |
| 9 (RLIN) | 111162 |
| 700 1# - ADDED ENTRY--PERSONAL NAME | |
| Personal name | Graham, Dunstan, |
| Relator term | joint author. |
| 9 (RLIN) | 111163 |
| 856 42 - ELECTRONIC LOCATION AND ACCESS | |
| Materials specified | Publisher description |
| Uniform Resource Identifier | <a href="http://www.loc.gov/catdir/description/prin051/73134250.html">http://www.loc.gov/catdir/description/prin051/73134250.html</a> |
| 906 ## - LOCAL DATA ELEMENT F, LDF (RLIN) | |
| a | 7 |
| b | cbc |
| c | orignew |
| d | 2 |
| e | ncip |
| f | 19 |
| g | y-gencatlg |
| 942 ## - ADDED ENTRY ELEMENTS (KOHA) | |
| Source of classification or shelving scheme | |
| Koha item type | Book |
| Withdrawn status | Lost status | Source of classification or shelving scheme | Damaged status | Not for loan | Permanent Location | Current Location | Shelving location | Date acquired | Full call number | Barcode | Date last seen | Price effective from | Koha item type |
|---|---|---|---|---|---|---|---|---|---|---|---|---|---|
| School of Mechanical & Manufacturing Engineering (SMME) | School of Mechanical & Manufacturing Engineering (SMME) | Aerospace Engineering | 03/22/2023 | 629.1343 MCR | SMME-3928 | 03/22/2023 | 03/22/2023 | Book |
